000 01418nam0a22002771 4500
001 rc\3414262
005 20130115140625.5
021 _aRU
_b[71-82002]
035 _a(NLR Aleph) 007579241
090 _a5490239
_c5490239
100 _a20130115d1971 |||y0rusy50 ca
101 0 _arus
102 _aRU
105 _ay z |||||
200 1 _aОрганические материалы для закрепления грунтов
_eАннот. обзор изобрет.
_fМ-во энергетики и электрификации СССР. Центр науч.-техн. информации по энергетике и электрификации "Информэнерго". Всесоюз. науч.-исслед. ин-т гидротехники им. Б.Е. Веденеева
210 _aЛенинград
_cБ. и.
_d1971
215 _a37 с.
_d20
300 _aСост. указан на обороте тит. л.
606 _aГрунты
_xЗакрепление химическое
_jПатенты зарубежных стран
_jАннотации
_2psbo
700 1 _aРамм
_bС. Н.
_4220
712 0 2 _aЦентр научно-технической информации по энергетике и электрификации
_cМосква
_3RU\NLR\AUTH\889928210
801 0 _aRU
_bNLR
_gpsbo
801 1 _aRU
_bELAR
_2rusmarc
852 _aNLR
_jПт 80.3/407
942 _cBOOK
980 _aNB